|
|
|
|
| LEADER |
00000nab a2200000 ar4500 |
| 001 |
vtls011599950 |
| 003 |
SK-MaSNL |
| 005 |
20260303084233.0 |
| 008 |
171109c2016 xo wr|p|||||||000 b|slo |
| 038 |
|
|
|a PPPK
|
| 040 |
|
|
|a PPPKCL
|b slo
|c PPPKCL
|e AACR2
|
| 041 |
0 |
|
|a slo
|
| 044 |
|
|
|a xo
|c SK
|
| 080 |
|
|
|a 797.2.093
|2 2011
|
| 245 |
0 |
0 |
|a Potocká v Rakúsku dominovala
|
| 500 |
|
|
|a Autor článku nie je uvedený.
|
| 600 |
1 |
7 |
|a Potocká, Tamara
|2 pppkcl
|9 1086899
|
| 610 |
2 |
7 |
|a Klub plávania AquaCity (Poprad, Slovensko)
|2 pppkcl
|9 1033768
|
| 611 |
2 |
7 |
|a Int. SVS-Schwimmen Trophy
|g preteky
|d (2016 :
|c Swechat, Rakúsko)
|2 pppkcl
|9 1091934
|
| 648 |
|
7 |
|a 12.-13.11.2016
|2 pppkcl
|9 1091935
|
| 650 |
0 |
7 |
|a šport
|2 snkbucl
|9 1042
|
| 650 |
0 |
7 |
|a plávanie
|2 pppkcl
|9 3241
|
| 650 |
0 |
7 |
|a plavecké preteky
|2 pppkcl
|9 30008
|
| 651 |
|
7 |
|a Poprad (Slovensko)
|2 pppkcl
|9 20155
|
| 651 |
|
7 |
|a Schwechat (Rakúsko)
|2 pppkcl
|9 1027763
|
| 773 |
0 |
|
|t Podtatranské noviny
|g Roč. LVI, č. 48 (2016), s. 5
|x 1210-2423
|
| 852 |
|
|
|a PPPK
|b KIS3GCP
|
| 999 |
|
|
|c 1794621
|d 1796551
|